<?xml version="1.0" encoding="UTF-8"?>
<marc:record xmlns:marc="http://www.loc.gov/MARC21/slim">
   <marc:leader>00000nam a2200000 a 4500</marc:leader>
   <marc:datafield ind1="1" ind2=" " tag="100">
      <marc:subfield code="a">Ochel, Angela</marc:subfield>
      <marc:subfield code="4">aut</marc:subfield>
      <marc:subfield code="e">Verfasser/-in</marc:subfield>
   </marc:datafield>
   <marc:datafield ind1="0" ind2="0" tag="245">
      <marc:subfield code="a">Schief gewickelt, Opa!</marc:subfield>
   </marc:datafield>
   <marc:datafield ind1="0" ind2="0" tag="245">
      <marc:subfield code="b">Roman</marc:subfield>
   </marc:datafield>
   <marc:datafield ind1="0" ind2="0" tag="245">
      <marc:subfield code="c">Angela Ochel</marc:subfield>
   </marc:datafield>
   <marc:datafield ind1=" " ind2="1" tag="264">
      <marc:subfield code="a">Berlin</marc:subfield>
      <marc:subfield code="b">Aufbau Taschenbuch</marc:subfield>
      <marc:subfield code="c">2016</marc:subfield>
   </marc:datafield>
   <marc:datafield ind1=" " ind2=" " tag="250">
      <marc:subfield code="a">1. Auflage</marc:subfield>
   </marc:datafield>
   <marc:datafield ind1="1" ind2=" " tag="520">
      <marc:subfield code="a">Angaben aus der Verlagsmeldung

Schief gewickelt, Opa! : Roman Ochel, Schief gewickelt, Opa! TB / von Angela Ochel

Ein Baby kommt selten allein

Finn ist entsetzt. In Mamas Bauch wohnt ein Baby. Und vor allem: Es ist ein Mädchen! Wie konnte das passieren? Weiß doch jeder, dass Mädchen nur Probleme machen. Gut, dass es die Opas gibt. Die wissen bestimmt, was man dagegen tun kann. Das denkt zumindest Finn. Aber Gunnar und Wilhelm sind nicht so recht bei der Sache. Ob das an der Hebamme Rosemarie liegt, die sie regelmäßig zum Erröten (Gunnar) oder Verstummen (Wilhelm) bringt?

Über Großväter, die Rock 'n' Roll lieben, Eltern die ihre Ruhe haben wollen und nervige Geschwister
</marc:subfield>
   </marc:datafield>
   <marc:datafield ind1=" " ind2=" " tag="020">
      <marc:subfield code="a">9783746632582</marc:subfield>
      <marc:subfield code="9">9783746632582</marc:subfield>
   </marc:datafield>
   <marc:datafield ind1=" " ind2=" " tag="020">
      <marc:subfield code="a">3746632587</marc:subfield>
      <marc:subfield code="9">3746632587</marc:subfield>
   </marc:datafield>
   <marc:datafield ind1=" " ind2=" " tag="041">
      <marc:subfield code="a">ger</marc:subfield>
   </marc:datafield>
   <marc:datafield ind1=" " ind2=" " tag="300">
      <marc:subfield code="a">319 Seiten</marc:subfield>
   </marc:datafield>
</marc:record>
